|
|
|
|
| LEADER |
00000nam0a2200000 4500 |
| 001 |
297178 |
| 005 |
20231102001000.0 |
| 035 |
|
|
|a (RuTPU)RU\TPU\book\322298
|
| 090 |
|
|
|a 297178
|
| 100 |
|
|
|a 20150605d1984 k y0rusy50 ca
|
| 101 |
0 |
|
|a rus
|
| 102 |
|
|
|a UA
|
| 105 |
|
|
|a a z 000zy
|
| 200 |
1 |
|
|a Хозрасчетные методы повышения эффективности производства и качества продукции
|e сборник научных трудов
|f Академия наук Украинской ССР (АН УССР), Институт экономики (ИЭ) ; под ред. М. И. Долишного П. Е. Беленького
|
| 210 |
|
|
|a Киев
|c Изд-во ИЭ АН УССР
|d 1984
|
| 215 |
|
|
|a 108 с.
|c ил.
|
| 606 |
1 |
|
|a Промышленные предприятия
|x Управление
|x Экономическая эффективность
|2 stltpush
|3 (RuTPU)RU\TPU\subj\52705
|9 71108
|
| 606 |
1 |
|
|a Хозяйственный расчет
|x Промышленные предприятия
|2 stltpush
|3 (RuTPU)RU\TPU\subj\17455
|9 43092
|
| 610 |
1 |
|
|a продукция
|
| 610 |
1 |
|
|a качество
|
| 610 |
1 |
|
|a планирование
|
| 610 |
1 |
|
|a оценка
|
| 610 |
1 |
|
|a стимулирование
|
| 610 |
1 |
|
|a трудовые коллективы
|
| 675 |
|
|
|a 658.012.011.46
|v 4
|
| 675 |
|
|
|a 658.155
|v 4
|
| 702 |
|
1 |
|a Долишний
|b М. И.
|4 340
|
| 702 |
|
1 |
|a Беленький
|b П. Е.
|4 340
|
| 712 |
0 |
2 |
|a Академия наук Украинской ССР (АН УССР)
|b Институт экономики (ИЭ)
|2 stltpush
|3 (RuTPU)RU\TPU\col\11343
|
| 801 |
|
1 |
|a RU
|b 63413507
|c 20150605
|
| 801 |
|
2 |
|a RU
|b 63413507
|c 20181018
|g RCR
|
| 942 |
|
|
|c BK
|